000 00694nem a22002537a 4500
005 20250729160451.0
008 160607b2011 xxu||||| |||| 00| 0 spa d
020 _a9789977653556
041 _aESP
082 _a333.72 C965d
100 _aCuello Nieto, César
_910973
245 _aDesarrollo sostenible y experiencias costarricenses
260 _aCosta Rica
_bEUNA
_c2011
300 _a292 páginas
490 _aTurismo
650 _aCOSTA RICA
650 _aDESARROLLO SOSTENIBLE
650 _aDESARROLLO HUMANO
650 _aMANEJO AMBIENTAL
650 _aLEGISLACIÓN AMBIENTAL
650 _aINNOVACIONES TECNOLÓGICAS
650 _aGESTIÓN AMBIENTAL
942 _cBK
_2ddc
999 _c8255
_d8255